Starting Line - Luke Hemmings (All Lyrics) - Statistics

General Stats
  • This quiz has been taken 128 times
  • The average score is 265 of 304
Answer Stats
Starting Line % Correct
a
100%
I
100%
me?
100%
me
100%
of
100%
the
100%
at
98%
it
98%
line
98%
missed
98%
never
98%
out
98%
starting
98%
think
98%
gun
96%
I'm
96%
mine
96%
Take
96%
were
96%
all
93%
All
93%
maybe
93%
Maybe
93%
they
93%
don't
91%
Don't
91%
Verse 1 In
91%
in
91%
memories
91%
running
91%
these
91%
time
91%
an
89%
and
89%
And
89%
by
89%
every
89%
it's
89%
morning
89%
so
89%
up
89%
wake
89%
years
89%
feel
87%
gone
87%
missing
87%
until
87%
Until
87%
walls
87%
with
87%
are
84%
away
84%
for
84%
make
84%
that
84%
look
82%
Something
82%
something
82%
ticking
82%
alive
80%
closing
80%
pain
80%
thing
80%
you
80%
breathe
78%
keep
78%
air
76%
focus
76%
liar
76%
on
76%
believe
73%
Won't
73%
can
71%
Is
71%
Moments
71%
comfort
69%
sleep
69%
lost
67%
need
67%
things
67%
bittersweet
62%
my
60%
if
58%
leave
58%
like
58%
very
58%
am
53%
fear
51%
omen
51%
Verse 2 Tell
51%
Biting
49%
bleeds
49%
broken?
49%
Checking
49%
doses
47%
Moving
47%
tongue
44%
Hiding
40%
Visceral
40%
seams
38%
Warm
38%
Standing
36%
sun
36%
No matching quizzes found
Score Distribution
Percent of People with Each Score
Percentile by Number Answered
Your Score History
You have not taken this quiz